000 00498nam a2200169Ia 4500
001 24683
003 IN-NITTTR
005 20251114233315.0
008 251113s9999||||xx |||||||||||||| ||eng||
040 _beng
040 _cIN-NITTTR
041 _aeng
082 _a624.1891042 D536A
100 _aKumar, Dhanender
245 3 _aAn experimental study on the relationship between comparessive strength and ultrasonic pulse velocity for different PCC mixes. /
_cKumar, Dhanender
942 _2ddc
_cBK
999 _c27312
_d27312